000 00386nam a2200157Ia 4500
008 230917s9999||||xx |||||||||||||| ||und||
040 _e102439
_aMAIN
041 _aEnglish
082 _a658.4 G959P
100 _aGupta, C B
245 0 _aPrinciples and practice of management
250 _a1st ed.
260 _aDelhi
_bMayoor paperbacks
_c2003
300 _a498p p.
942 _cBK
999 _c111173
_d111173